000 01010nam0a22002651 4500
001 rc\2968316
005 20250806211701.0
035 _a(NLR Aleph) 007114624
090 _a68540
_c68540
100 _a20110906d1943 u y0rusy50 ca
101 0 _arus
102 _aRU
105 _aa z |||||
200 1 _aОрганизация и характер первой помощи при хирургических микстах
_fподполк. мед. службы А.М. Геселевич
_gГл. упр. воен.-сан. упр. Красной Армии
205 _a[3-е изд., испр. и доп.]
210 _a[Москва]
_cМедгиз
_d1943
215 _a32 с.
_cил.
_d17 см
700 1 _aГеселевич
_bА.М.
_f1900-
_gАнатолий Михайлович
801 0 _aRU
_bNLR
_gpsbo
801 1 _aRU
_bELAR
_2rusmarc
852 _aNLR
_jМд40 Г-2/451
942 _cBOOK
945 _aРоссийская национальная библиотека
980 _aNB
980 _aBV